Curso de direito internacional pb︢lico

Detalles Bibliográficos
Autor principal: Roberto Husek, Carlos
Formato: eBook
Lenguaje:portugués
Publicado: Sao Paulo: LTR Editora, 2015
Materias:
Acceso en línea:Acceso restringido

MARC

LEADER 00000nam a22000007a 4500
005 20150515143719.0
007 cr|||| ||||
008 150515s2015 br |||||s|||| 00||0 por d
020 |a 978-85-361-8294-0 
035 |a 12689 
040 |a vLex 
090 |c 5422  |d 5422 
100 1 |a Roberto Husek, Carlos 
245 1 0 |a Curso de direito internacional pb︢lico   |h [Recurso electrn̤ico] /  |c Carlos Roberto Husek 
256 |a Servicio en ln̕ea 
260 |a Sao Paulo:   |b LTR Editora,  |c 2015 
300 |a 1 recurso electrn̤ico 
500 |a Este ̌um curso bs̀ico de Direito Internacional Pb︢lico, que tem por caracters̕tica a preocupaȯ̂ metodolg̤ica e didt̀ica, exposto em linguagem simples e acessv̕el. Abrange o Direito Internacional cls̀sico e os seus novos campos de estudo, incluindo um quadro sint̤ico no final de cada capt̕ulo. Desenvolve-se com anl̀ise de figuras h ̀muito estudadas, como os Estados, os Tratados, as Organizaė̳s Internacionais, os Litg̕ios Internacionais e suas soluė̳s, a Guerra, alm̌ de outros fenm̥enos modernamente considerados, a saber: a Uniô Europeia, o Mercosul, a OIT, o Homem e o Meio Ambiente, o Direito Econm̥ico Internacional, o Direito de Integraȯ̂, o Direito Mart̕imo, o Direito dos Espaȯs Internacionais, as ONGs Internacionais, os Tratados de Direito Tributr̀io e os de Direitos Humanos, bem como queste̳s mais prt̀icas sobre as embaixadas e consulados. Este livro ̌recomendado para candidatos aos concursos pb︢licos e ao estudo bs̀ico nas diversas instituiė̳s de ensino. Resulta de estudos ter̤icos, feitos ao longo dos anos, com a necessidade de transmitir e ensinar, enriquecendo e ampliando o campo de compreensô do Direito Internacional, sem olvidar a influn̊cia da polt̕ica, da psicologia social e dos fatos histr̤icos importantes, que imprimiram no final do sčulo XX caracteres inconfundv̕eis e globalizantes. É um convite ̉reflexô e ao aprofundamento dos temas. 
506 1 |a Contenido disponible en los productos indicados  |d vLex Global  |d vLex Global (Academic Edition, excluding Law Schools)  |d vLex Global (U.S. Academic Edition, Law Schools)  |d vLex Global (U.S. Academic Edition, excluding Law Schools)  |d vLex Global (Academic Edition, Law Schools) 
650 0 4 |a Derecho pb︢lico  |z Brasil 
650 0 4 |a Derecho internacional  |z Brasil 
740 0 |a vLex Libros (Servicio en ln̕ea) 
856 4 0 |u http://vlex.com/source/curso-de-direito-internacional-publico-2015-12689  |z Acceso restringido 
942 |c BOOK 
999 0 |a International law